Normal view
MARC view
Entry Topical Term
001 - CONTROL NUMBER
- control field: 8543
003 - CONTROL NUMBER IDENTIFIER
- control field: ARRUPE
005 - DATE AND TIME OF LATEST TRANSACTION
- control field: 20140207140005.0
008 - FIXED-LENGTH DATA ELEMENTS
- fixed length control field: 140207|| aca||aabn | a|a d
040 ## - CATALOGING SOURCE
- Original cataloging agency: ARRUPE
- Transcribing agency: ARRUPE
150 ## - HEADING--TOPICAL TERM
- Topical term or geographic name as entry element: Tourism
- Geographic subdivision: Tanzania.
670 ## - SOURCE DATA FOUND
- Source citation: Work cat.: (ARRUPE)0: Tourism and socialist development /, 1973.